000 00357nam a2200157Ia 4500
100 _aSilberschatz/ A/ Peterson/James L
250 _a2
942 _cBK
654 _aOperating System
245 _aOperating Systems Concepts
260 _bAddison Wesley Pub
_aMassachusetts
082 _a5.43
_bPET
300 _a625
546 _aENGLISH
999 _c27686
_d27686